Formule 1 - Associer les pilotes à leur écurie 2024 - Statistiques

Statistiques générales
  • Ce quiz a été pris 1 306 fois
    218 depuis la dernière actualisation
  • Le résultat moyen est 18 sur 23
Statistiques - réponses
Hint Réponse % Correct
Pierre Gasly Alpine
91%
Charles Leclerc Ferrarri
90%
Max Verstappen Redbull
88%
Lando Norris McLaren
87%
Oscar Piastri McLaren
86%
Lewis Hamilton Mercedes
85%
Lance Stroll Aston Martin
84%
George Russell Mercedes
84%
Carlos Sainz Ferrarri
83%
Fernando Alonso Aston Martin
82%
Sergio Perez Redbull
82%
Alex Albon Williams
82%
Esteban Ocon Alpine
80%
Yuki Tsunoda Racing Bulls
80%
Kevin Magnussen Haas
77%
Zhou Guanyu Stake
77%
Logan Sargeant Williams
72%
Jack Doohan Alpine
71%
Valtteri Bottas Stake
69%
Daniel Ricciardo Racing Bulls
68%
Ollie Bearman (Djeddah) Ferrarri
65%
Nico Hülkenberg Haas
61%
Ollie Bearman (Bakou et São Paulo) Haas
59%
Aucun quiz correspondant
Distribution des résultats
% des personnes avec chaque résultat
Percentile par nombre de réponses
Votre historique - résultats
Vous n’avez pas pris ce quiz depuis la dernière actualisation